000
00293nam a22001337a 4500
008
170502b xxu||||| |||| 00| 0 eng d
020
_a
9781604425963
041
_a
eng
080
_a
34
100
_a
13
101
_a
SHJ
245
_a
A LIFE IN THE LAW
_c
DUFFEY.W.S
942
_2
udc
_c
BK
999
_c
12348
_d
12348